000 02047nam0a2200385 i 4500
001 RU\NLR\BIBL_A\010473562
005 20241114214750.0
010 _a9785942151850
_9250
021 _aRU
_b2014-56368
_93405
035 _a(NLR Aleph) 010473562
090 _a10032330
_c10032330
100 _a20141008d2014 u y0rusy50 ca
101 1 _arus
_cady
102 _aRU
105 _aach|z|||001gy
200 1 _aАдыгейские народные песни и легенды
_fв пер. Олексы Кирия
210 _aКраснодар
_cЭкоинвест
_d2014
215 _a205, [1] с., [2] л. ил., портр., факс.
_cил.
_d21
300 _aИзд. на средства Консуэллы Алексеевны Кирий
320 _aБиблиогр. в подстроч. примеч.
423 0 _12001#$aАдыге$eпоэма$fОлекса Кирий$g[к сб. в целом: сост. и авт. предисл.: В. К. Чумаченко$gред.: М. В. Шаройко]$gЮж. фил. Рос. ин-та культурологии
_1210##$aКраснодар$d2014
_1215##$aС.: 67-205, [1] с., [2] л. ил., портр., факс.$cил.
_1700#1$aКирий$bО.$bО.$f1889-1954$gОлекса$3RU\NLR\AUTH\770193325
_tАдыге
_aКирий, Олекса (1889-1954)
606 1 _aНародные песни адыгейские
_91712668
_3RU\NLR\AUTH\66763467
606 _aЛегенды и предания адыгейские
_92533404
_3RU\NLR\AUTH\661500457
686 1 _aШ3(241=Адыг)-631.0
686 1 _aШ3(241=Адыг)-615.20
686 2 _aШ6(2=Ук)77-5
702 1 _4220
_7ca
_8rus
_aЧумаченко
_bВ. К.
_f1956-2017
_gВиктор Кириллович
_9193306
_3RU\NLR\AUTH\770193357
702 1 _aШаройко
_bМ. В.
_4340
702 1 _4730
_7ca
_8rus
_aКирий
_bО.
_f1889-1954
_gОлекса
_9193274
_3RU\NLR\AUTH\770193325
942 _cBOOK
980 _aNBR